000 00918nam a2200289 a 4500
001 66449
003 BD-RjUL
005 20211209081537.0
008 170316s1996 dcua b i000 0 eng
020 _a0821336029
020 _a0821336029
035 _a(BD-RjUL)66579
040 _aDLC
_cDLC
_dDLC
_dBD-RjUL
_beng
041 _aeng
082 0 0 _a613.042440954
_223
_bWOI 1996
100 _aWorld Bank.
_9196651
245 0 0 _aImproving women's health in India /
_cWorld Bank.
260 _aWashington, D.C. :
_bWorld Bank,
_cc1996.
300 _axi, 160 p. :
_b. ill. ;
_c23 cm.
490 1 _aDevelopment in practice
504 _aIncludes bibliographical references (p. 149-160).
650 0 _aWomen
_xHealth and hygiene
_zIndia.
_914898
650 0 _aWomen's health services
_zIndia.
_9196652
710 2 _aWorld Bank.
_9196651
830 0 _aDevelopment in practice (Washington, D.C.)
_9196653
942 _2ddc
_cBK
999 _c66449
_d66449